Frank Social Sciences - 7 (Record no. 2781)
[ view plain ]
| 000 -LEADER | |
|---|---|
| fixed length control field | 00239nam a22000857a 4500 |
| 008 - FIXED-LENGTH DATA ELEMENTS--GENERAL INFORMATION | |
| fixed length control field | 160812b xxu||||| |||| 00| 0 eng d |
| 100 ## - MAIN ENTRY--PERSONAL NAME | |
| 9 (RLIN) | 126 |
| Personal name | Keith, S., et al |
| 245 ## - TITLE STATEMENT | |
| Title | Frank Social Sciences - 7 |
| 260 ## - PUBLICATION, DISTRIBUTION, ETC. (IMPRINT) | |
| Place of publication, distribution, etc. | New Delhi |
| Name of publisher, distributor, etc. | Frank publication |
| Date of publication, distribution, etc. | 2005 |
| Withdrawn status | Lost status | Source of classification or shelving scheme | Damaged status | Koha normalized classification for sorting | Not for loan | Home library | Current library | Shelving location | Date acquired | Total Checkouts | Full call number | Barcode | Date last seen | Date last checked out | Price effective from | Koha item type |
|---|---|---|---|---|---|---|---|---|---|---|---|---|---|---|---|---|
| Dewey Decimal Classification | 300_000000000000000 | Good Samaritan School Library | Good Samaritan School Library | Social Science | 08/12/2016 | 1 | 300 | KEI4714 | 08/22/2016 | 08/12/2016 | 08/12/2016 | BOOK | ||||
| Dewey Decimal Classification | 300_000000000000000 | Good Samaritan School Library | Good Samaritan School Library | Social Science | 08/12/2016 | 300 | KEI4715 | 08/12/2016 | 08/12/2016 | BOOK |